[Event "Moscow-Open 2021_B"]
[Site "Moscow"]
[Date "2021.02.22"]
[Round "3.18"]
[White "Illina, Natalia"]
[Black "Vasiljeva, Anna"]
[Result "1-0"]
[WhiteElo "2081"]
[BlackElo "1797"]
[PlyCount "89"]
[EventDate "2021.02.20"]

1. e4 c6 2. d4 d5 3. Nc3 dxe4 4. Nxe4 Nf6 5. Nxf6+ exf6 6. c3 Bd6 7. Bd3 O-O 8.
Qc2 Re8+ 9. Ne2 h5 10. O-O h4 11. Be3 Nd7 12. Rae1 Qc7 13. h3 Nf8 14. Bc1 g6
15. Kh1 Be6 16. Ng1 Qd7 17. f4 f5 18. Nf3 Be7 19. Qf2 Rad8 20. Bb1 Nh7 21. Nxh4
Bxh4 22. Qxh4 Kg7 23. Re3 Nf6 24. b3 Rh8 25. Qe1 b5 26. Bb2 Bd5 27. Kg1 Rhe8
28. Re5 Re6 29. Qe2 Kg8 30. Bc2 Nh5 31. Qf2 Nf6 32. Qh4 Kg7 33. Qg3 Nh5 34. Qf2
Nf6 35. Rfe1 Rde8 36. Qf1 Kg8 37. c4 bxc4 38. bxc4 Be4 39. Bb3 Nh5 40. Qf2 Qd8
41. Rd1 Nf6 42. Qh4 Qc7 43. d5 cxd5 44. Rxe6 Rxe6 45. Bxf6 1-0

[Event "Moscow-Open 2021_B"]
[Site "Moscow"]
[Date "2021.02.22"]
[Round "3.19"]
[White "Laukhina, Margarita A."]
[Black "Bondareva, Daria"]
[Result "1/2-1/2"]
[WhiteElo "1761"]
[BlackElo "2066"]
[PlyCount "81"]
[EventDate "2021.02.20"]

1. d4 Nf6 2. c4 g6 3. Nc3 Bg7 4. e4 d6 5. Be2 O-O 6. Nf3 Nbd7 7. O-O e5 8. dxe5
dxe5 9. b4 c6 10. Ba3 Qe7 11. Qb3 b6 12. Rfd1 Bb7 13. Nd2 Rfb8 14. Nf1 Nf8 15.
b5 c5 16. Nd5 Nxd5 17. cxd5 Nd7 18. Bc4 Nf6 19. f3 Ne8 20. Ne3 Nd6 21. Bb2 a5
22. a4 Rf8 23. Bd3 Rae8 24. Qc3 f6 25. Nc4 Nxc4 26. Bxc4 Qd6 27. Rf1 Rf7 28.
Rae1 Bc8 29. g3 Ree7 30. Bc1 Kf8 31. Qd3 Ke8 32. Bd2 h6 33. Be3 f5 34. Bd2 fxe4
35. fxe4 Bh3 36. Rxf7 Rxf7 37. Qe3 Kd8 38. Be2 Bd7 39. Rf1 Rxf1+ 40. Kxf1 Qf6+
41. Qf3 1/2-1/2

[Event "Moscow-Open 2021_B"]
[Site "Moscow"]
[Date "2021.02.22"]
[Round "3.20"]
[White "Gutkovich, Polina"]
[Black "Shenker, Angelina"]
[Result "0-1"]
[WhiteElo "2061"]
[BlackElo "1652"]
[PlyCount "60"]
[EventDate "2021.02.20"]

1. d4 Nf6 2. Nf3 g6 3. Nbd2 d5 4. e3 Bg7 5. Bd3 O-O 6. b3 c5 7. Bb2 cxd4 8.
exd4 Nc6 9. a3 Nh5 10. g3 Bh3 11. Ng5 Bd7 12. Nxh7 Re8 13. Ng5 e5 14. h4 e4 15.
Be2 e3 16. Ndf3 Qc7 17. Ne5 Nxe5 18. Bxh5 gxh5 19. dxe5 Bxe5 20. Qxh5 exf2+ 21.
Kd2 Bf5 22. Qxf7+ Qxf7 23. Nxf7 Kxf7 24. Bxe5 Rxe5 25. Rh2 Rc8 26. c3 Rg8 27.
Rxf2 Rxg3 28. Rh1 Rd3+ 29. Kc1 Rxc3+ 30. Kb2 Rg3 0-1

[Event "Moscow-Open 2021_B"]
[Site "Moscow"]
[Date "2021.02.22"]
[Round "3.21"]
[White "Yagutian, Mariya"]
[Black "Danilova, Rada"]
[Result "0-1"]
[WhiteElo "1691"]
[BlackElo "2048"]
[PlyCount "106"]
[EventDate "2021.02.20"]

1. d4 Nf6 2. c4 e6 3. Nf3 Bb4+ 4. Bd2 Qe7 5. g3 Nc6 6. Bg2 Bxd2+ 7. Nbxd2 d6 8.
O-O e5 9. d5 Nb8 10. e4 a5 11. Qc2 O-O 12. Ne1 Na6 13. Nd3 c6 14. f4 Nb4 15.
Qc3 Nxd3 16. Qxd3 cxd5 17. cxd5 b5 18. h3 Qa7+ 19. Kh2 Nd7 20. Nf3 b4 21. Rfe1
Ba6 22. Qd2 f6 23. Rac1 Nc5 24. Re3 Rac8 25. Nh4 g6 26. Rce1 Nd7 27. Rf3 Qc5
28. Bf1 Bxf1 29. Rexf1 Qc2 30. Qxc2 Rxc2+ 31. R1f2 Rfc8 32. fxe5 fxe5 33. Ng2
Rxf2 34. Rxf2 Rc4 35. b3 Rxe4 36. Rc2 Nc5 37. Kg1 Rd4 38. Ne3 Kf7 39. Nc4 Rxd5
40. Nxa5 Rd3 41. Kg2 Rc3 42. Rf2+ Ke6 43. g4 Ne4 44. Re2 d5 45. a3 bxa3 46. Ra2
d4 47. Rxa3 d3 48. Nc4 d2 49. Ra1 Rxc4 50. bxc4 Nc3 51. Kg3 d1=Q 52. Rxd1 Nxd1
53. Kh4 e4 0-1

[Event "Moscow-Open 2021_B"]
[Site "Moscow"]
[Date "2021.02.22"]
[Round "3.22"]
[White "Shukhman, Anna"]
[Black "Khegai, Darya"]
[Result "1-0"]
[WhiteElo "1986"]
[BlackElo "1566"]
[PlyCount "63"]
[EventDate "2021.02.20"]

1. e4 c6 2. Nc3 d5 3. Nf3 Bg4 4. h3 Bxf3 5. Qxf3 Nf6 6. d3 e6 7. Bd2 Bb4 8. a3
Qa5 9. Rd1 Bxc3 10. Bxc3 Qd8 11. Be2 d4 12. Bd2 Nbd7 13. Qg3 Qb6 14. b4 Qb5 15.
c4 Qa4 16. e5 O-O-O 17. exf6 gxf6 18. O-O Rhg8 19. Qh4 Rg7 20. Qxd4 Ne5 21. Qe4
Rdg8 22. g3 Qa6 23. c5 b5 24. cxb6 Qxb6 25. Be3 Qc7 26. Bf4 Qb6 27. d4 Ng6 28.
Rc1 Kd7 29. Bf3 Ne7 30. Rc5 Nd5 31. Rfc1 Rc8 32. b5 1-0

[Event "Moscow-Open 2021_B"]
[Site "Moscow"]
[Date "2021.02.22"]
[Round "3.23"]
[White "Shevtsova, Stefania"]
[Black "Porozhnyak, Maya"]
[Result "0-1"]
[WhiteElo "1654"]
[BlackElo "1976"]
[PlyCount "137"]
[EventDate "2021.02.20"]

1. e4 e5 2. Nf3 Nc6 3. Bb5 a6 4. Ba4 d6 5. c3 g6 6. d4 b5 7. Bb3 Bg7 8. O-O Bg4
9. Bxf7+ Kxf7 10. Qb3+ Ke8 11. Ng5 Qf6 12. f3 Na5 13. Qb4 Nc6 14. Qb3 Bd7 15.
f4 exd4 16. e5 Qe7 17. exd6 cxd6 18. Bd2 d3 19. Re1 Ne5 20. fxe5 Bxe5 21. Qd5
Rc8 22. Qxd3 Nf6 23. Na3 Bf5 24. Qe2 h6 25. Nf3 Be4 26. Be3 Kf7 27. Bd4 Bxd4+
28. Nxd4 d5 29. Nac2 Kg7 30. Nb4 Qd6 31. Rf1 Rhf8 32. Nd3 Rce8 33. Nf4 Kh7 34.
Qd2 Ng4 35. h3 Ne5 36. b3 Rf6 37. Rf2 Nd7 38. Raf1 Kg7 39. Nfe6+ Rexe6 40.
Nxe6+ Qxe6 41. Rxf6 Nxf6 42. Qf2 Nd7 43. Qd4+ Qe5 44. Qa7 Qd6 45. Qd4+ Kg8 46.
Qd2 g5 47. Qf2 Qe6 48. Qa7 Kg7 49. Qd4+ Qe5 50. Qa7 Qd6 51. Qd4+ Kg6 52. Qh8
Nf6 53. Qc8 h5 54. Rf2 Kg7 55. Qb7+ Kg6 56. Qa7 Qe6 57. Qd4 Bf5 58. Rf1 h4 59.
Qf2 Ne4 60. Qe1 Qb6+ 61. Kh2 Qc7+ 62. Kg1 Qc5+ 63. Kh2 Qxc3 64. Qd1 Qg3+ 65.
Kh1 Nf2+ 66. Rxf2 Qxf2 67. Qxd5 Qe1+ 68. Kh2 Qe6 69. Qd8 0-1

[Event "Moscow-Open 2021_B"]
[Site "Moscow"]
[Date "2021.02.22"]
[Round "3.24"]
[White "Ilyina, Lada"]
[Black "Volchkova, Alena"]
[Result "1-0"]
[WhiteElo "1959"]
[BlackElo "1539"]
[PlyCount "107"]
[EventDate "2021.02.20"]

1. d4 Nf6 2. c4 g6 3. f3 d5 4. cxd5 Nxd5 5. e4 Nb6 6. Be3 Bg7 7. Nc3 O-O 8. Qd2
e5 9. d5 c6 10. g4 cxd5 11. exd5 e4 12. fxe4 Qh4+ 13. Qf2 Qxg4 14. Qf4 Qxf4 15.
Bxf4 Bxc3+ 16. bxc3 Re8 17. Kf2 Rxe4 18. Kf3 Re8 19. Rd1 h5 20. Rd4 Bf5 21. Bh3
Bxh3 22. Nxh3 N8d7 23. Nf2 Rac8 24. Rc1 Nf6 25. c4 Nbd7 26. Nd3 Nc5 27. Nxc5
Rxc5 28. Bd6 Rcc8 29. c5 Red8 30. Rcd1 b6 31. Bc7 Re8 32. cxb6 axb6 33. d6 Nd7
34. Re4 Kf8 35. Rde1 Nf6 36. d7 Nxe4 37. Rxe4 Red8 38. dxc8=Q Rxc8 39. Bxb6 Rc2
40. Re2 Rc3+ 41. Ke4 Rc6 42. Rb2 Ke7 43. Kd5 Kd7 44. a4 f5 45. h4 f4 46. a5 Rc1
47. Rf2 Rd1+ 48. Ke5 g5 49. hxg5 h4 50. g6 h3 51. g7 Re1+ 52. Kf5 Re8 53. Kxf4
Rg8 54. Bd4 1-0

[Event "Moscow-Open 2021_B"]
[Site "Moscow"]
[Date "2021.02.22"]
[Round "3.25"]
[White "Zvereva, Margarita"]
[Black "Lyutsinger, Iren"]
[Result "1-0"]
[WhiteElo "1937"]
[BlackElo "1415"]
[PlyCount "115"]
[EventDate "2021.02.20"]

1. e4 c5 2. Nf3 Nc6 3. d4 cxd4 4. Nxd4 Nf6 5. Nc3 e6 6. Ndb5 Bb4 7. a3 Bxc3+ 8.
Nxc3 d5 9. exd5 exd5 10. Bd3 O-O 11. O-O d4 12. Ne2 Bg4 13. Bg5 Qd6 14. f3 Bh5
15. Bh4 Bg6 16. Bf2 Rad8 17. Bxg6 hxg6 18. Qd3 Rd7 19. c3 Nh5 20. Nxd4 Rfd8 21.
Qc2 Nxd4 22. Bxd4 Nf4 23. g3 Ne6 24. Be3 Ng5 25. Kg2 Qe5 26. Bf4 Qf6 27. Rad1
Ne6 28. Be3 Qf5 29. Qxf5 gxf5 30. Rxd7 Rxd7 31. Bxa7 b6 32. Bxb6 Rb7 33. Bd4
Nxd4 34. cxd4 Rxb2+ 35. Rf2 Rb3 36. Ra2 Rd3 37. a4 Rxd4 38. a5 Rd7 39. a6 Ra7
40. Kf2 Kf8 41. Ke3 Ke7 42. Kf4 Kf6 43. h4 g6 44. Ra3 Ke6 45. Kg5 Ke5 46. g4
fxg4 47. fxg4 f5 48. gxf5 gxf5 49. h5 f4 50. h6 f3 51. Rxf3 Rxa6 52. h7 Ra8 53.
Kg6 Ke6 54. Kg7 Ra7+ 55. Kg8 Ra8+ 56. Rf8 Ra1 57. h8=Q Rg1+ 58. Qg7 1-0

[Event "Moscow-Open 2021_B"]
[Site "Moscow"]
[Date "2021.02.22"]
[Round "3.26"]
[White "Dryaeva, Lana"]
[Black "Tokmakova, Ulyana"]
[Result "0-1"]
[WhiteElo "1404"]
[BlackElo "1882"]
[PlyCount "104"]
[EventDate "2021.02.20"]

1. d4 e6 2. c4 d5 3. Nf3 c5 4. cxd5 exd5 5. Nc3 Nc6 6. g3 Nf6 7. Bg2 Be7 8. b3
O-O 9. O-O Bg4 10. dxc5 Bxc5 11. Na4 Be7 12. Bb2 Re8 13. Rc1 Ne4 14. h3 Bh5 15.
Nd4 Nxd4 16. Bxd4 Bg5 17. Rc2 Bg6 18. Nc3 Qa5 19. Nxe4 dxe4 20. Rc5 Qd8 21. e3
Be7 22. Rc2 Bf5 23. g4 Bg6 24. Qa1 Bf8 25. Rd1 Qg5 26. Rdd2 h5 27. Qd1 hxg4 28.
Qxg4 Qh6 29. Bb2 Bh5 30. Qf4 Qxf4 31. exf4 Bg6 32. Rc7 Red8 33. Bc3 Bd6 34.
Rxb7 Bxf4 35. Rxd8+ Rxd8 36. Kf1 Rd1+ 37. Ke2 Bh5+ 38. f3 Rc1 39. Rb5 g5 40.
Rc5 Rc2+ 41. Kf1 exf3 42. Bxf3 Bxf3 43. h4 Be2+ 44. Kg2 Bc4+ 45. Kh1 Rxc3 46.
Rxc4 Rxc4 47. bxc4 g4 48. Kg2 Kg7 49. c5 Kg6 50. c6 Kh5 51. a4 a5 52. Kf1 Kxh4
0-1

[Event "Moscow-Open 2021_B"]
[Site "Moscow"]
[Date "2021.02.22"]
[Round "3.28"]
[White "Uzintseva, Daria"]
[Black "Kvachko, Anastasiya"]
[Result "0-1"]
[WhiteElo "1326"]
[BlackElo "1882"]
[PlyCount "136"]
[EventDate "2021.02.20"]

1. d4 e6 2. c4 d5 3. Nf3 Nf6 4. g3 dxc4 5. Qa4+ Nc6 6. Qxc4 Qd5 7. Qd3 Nb4 8.
Qd1 Qf5 9. Na3 Bd7 10. Bg2 Bc6 11. O-O Be7 12. b3 Qh5 13. Nc4 Rd8 14. a3 Nbd5
15. Nce5 Bb5 16. Qc2 Ng4 17. Re1 f6 18. Nc4 Qg6 19. Qxg6+ hxg6 20. h3 Nh6 21.
Bb2 Nf7 22. e4 Bxc4 23. bxc4 Nb6 24. c5 Na4 25. Rab1 Nxb2 26. Rxb2 b6 27. cxb6
cxb6 28. Bf1 Bxa3 29. Rb3 Bd6 30. Ra1 Bb8 31. Kg2 g5 32. g4 Ke7 33. Ba6 Rh7 34.
Rc3 Nh8 35. Ra4 Ng6 36. Ng1 Nf4+ 37. Kf1 Be5 38. Rc8 Rxc8 39. Bxc8 Bb8 40. Ra3
a5 41. Ba6 Rh8 42. Rb3 Bc7 43. Rc3 Bd6 44. Bb5 Rd8 45. Ne2 Ng6 46. Kg2 Ra8 47.
Rc4 Ra7 48. Rc6 a4 49. Rc2 a3 50. Ra2 Ra5 51. Bc4 b5 52. Bb3 b4 53. Rc2 Ra7 54.
Nc1 Nf4+ 55. Kf3 Nxh3 56. Kg2 Nf4+ 57. Kf3 Ng6 58. Na2 Ra8 59. Rc4 Rh8 60. Kg2
Rh2+ 61. Kf1 Nf4 62. Kg1 Rh3 63. Nc1 Ne2+ 64. Nxe2 Rxb3 65. Nc1 Rb2 66. Rc8 Bf4
67. Nd3 a2 68. Ra8 Rb1+ 0-1

[Event "Moscow-Open 2021_B"]
[Site "Moscow"]
[Date "2021.02.22"]
[Round "3.29"]
[White "Khachatryan, Marieta"]
[Black "Korovina, Yana"]
[Result "1/2-1/2"]
[WhiteElo "1830"]
[BlackElo "1531"]
[PlyCount "82"]
[EventDate "2021.02.20"]

1. Nf3 Nf6 2. c4 e6 3. d4 b6 4. e3 Bb7 5. Bd3 Ne4 6. O-O f5 7. b3 d6 8. Bb2 Nd7
9. Nbd2 Ndf6 10. Qe2 Be7 11. Rac1 O-O 12. Bb1 Qe8 13. Nxe4 Nxe4 14. Ne1 Qg6 15.
f3 Nf6 16. Nd3 Qh6 17. c5 Ba6 18. cxb6 cxb6 19. Qd2 Rac8 20. Rxc8 Rxc8 21. Rc1
Rxc1+ 22. Bxc1 Nd5 23. e4 Qxd2 24. Bxd2 fxe4 25. fxe4 Nf6 26. Nf4 e5 27. dxe5
dxe5 28. Ne6 Bb7 29. Bc3 Bd6 30. Ng5 h6 31. Nf3 Bxe4 32. Bxe4 Nxe4 33. Bxe5
Bxe5 34. Nxe5 Nc3 35. a4 Ne4 36. Nc6 a5 37. Ne7+ Kf7 38. Nd5 Nc5 39. Nxb6 Nxb3
40. Nc4 Nc5 41. Nxa5 Nxa4 1/2-1/2

[Event "Moscow-Open 2021_B"]
[Site "Moscow"]
[Date "2021.02.22"]
[Round "3.30"]
[White "Kalenichenko, Alina"]
[Black "Sannikova, Anna"]
[Result "1/2-1/2"]
[WhiteElo "1638"]
[BlackElo "1759"]
[PlyCount "87"]
[EventDate "2021.02.20"]

1. d4 Nf6 2. c4 g6 3. Nc3 d5 4. cxd5 Nxd5 5. e4 Nxc3 6. bxc3 Bg7 7. Be3 c5 8.
Bb5+ Bd7 9. Bxd7+ Qxd7 10. Ne2 O-O 11. O-O cxd4 12. cxd4 Rd8 13. Qd2 Nc6 14.
Rad1 Rac8 15. f4 b6 16. f5 Na5 17. Bh6 Rc6 18. Bxg7 Kxg7 19. d5 Rf6 20. Ng3 Qd6
21. Qc3 Qc5+ 22. Qxc5 bxc5 23. e5 Rb6 24. Ne4 Nc4 25. f6+ exf6 26. exf6+ Kf8
27. Rf3 Ne5 28. Ra3 Nd7 29. Rxa7 Nxf6 30. Nxc5 Kg8 31. Ra6 Rxa6 32. Nxa6 Rxd5
33. Rxd5 Nxd5 34. a4 Kf8 35. Nc5 Ke7 36. Ne4 f5 37. Ng5 h6 38. Nf3 Kd6 39. Kf2
g5 40. h4 Kc5 41. hxg5 hxg5 42. Nxg5 Nf4 43. g3 Nh5 44. Kf3 1/2-1/2

[Event "Moscow-Open 2021_B"]
[Site "Moscow"]
[Date "2021.02.22"]
[Round "3.31"]
[White "Salakhova, Adelya"]
[Black "Barkasheva, Sofia"]
[Result "0-1"]
[WhiteElo "1875"]
[BlackElo "1634"]
[PlyCount "106"]
[EventDate "2021.02.20"]

1. d4 Nf6 2. Nf3 g6 3. c4 Bg7 4. g3 d6 5. Bg2 O-O 6. O-O c5 7. dxc5 dxc5 8. Ne5
Nfd7 9. Nd3 Nc6 10. Be3 Nd4 11. Nc3 Rb8 12. Bf4 e5 13. Bd2 b6 14. e3 Nf5 15.
Rc1 Bb7 16. Nd5 Ne7 17. Bc3 Nxd5 18. cxd5 b5 19. b4 c4 20. Nc5 Ba8 21. Qd2 Rc8
22. Nxd7 Qxd7 23. e4 Qd6 24. Rce1 Bb7 25. Kh1 Rcd8 26. Qb2 Bc8 27. f4 Rfe8 28.
f5 Bb7 29. Qd2 h6 30. Qf2 Qb6 31. Qf3 Qf6 32. Qe3 Qb6 33. Qf3 Qf6 34. a4 a6 35.
Ra1 Qb6 36. Bh3 g5 37. f6 Bf8 38. a5 Qc7 39. Bg4 Bc8 40. h4 Bd6 41. Ra2 Bxg4
42. Qxg4 Qc8 43. Rf5 Kh7 44. hxg5 Rg8 45. Rh2 Rg6 46. Rh5 Rh8 47. Qh3 Kg8 48.
gxh6 Kh7 49. g4 Rhg8 50. g5 Rxg5 51. Kh2 Rg1 52. Qe3 R8g2+ 53. Kh3 Qg8 0-1

[Event "Moscow-Open 2021_B"]
[Site "Moscow"]
[Date "2021.02.22"]
[Round "3.32"]
[White "Yusupova, Elina"]
[Black "Mikheeva, Galina"]
[Result "0-1"]
[WhiteElo "1575"]
[BlackElo "1873"]
[PlyCount "164"]
[EventDate "2021.02.20"]

1. d4 Nf6 2. Bf4 e6 3. Nf3 d5 4. e3 c5 5. Bd3 Nc6 6. c3 Bd6 7. Bg3 O-O 8. Nbd2
b6 9. Ne5 Bb7 10. f4 Ne7 11. Bh4 Ne4 12. O-O f6 13. Nef3 Nf5 14. Qe2 Kh8 15. g4
Nxh4 16. Nxh4 Qc7 17. Nxe4 dxe4 18. Bc4 Rae8 19. f5 Bd5 20. Bxd5 exd5 21. dxc5
bxc5 22. Rfd1 Rd8 23. Kh1 Be5 24. Rac1 Rfe8 25. Rc2 Qb7 26. Ng2 Rd7 27. Rcd2
Red8 28. Qf2 Qb6 29. Nf4 Bxf4 30. Qxf4 Qc6 31. Kg2 Kg8 32. h4 Qd6 33. Rf2 Qe5
34. g5 Rb7 35. Qg4 Re7 36. Rfd2 Kf8 37. g6 h6 38. Kg1 Red7 39. Re1 Rd6 40. Kg2
Ra6 41. a3 Rad6 42. Kg1 Rb6 43. Kh1 Rdb8 44. Ree2 R8b7 45. Qf4 Rd6 46. Qxe5
fxe5 47. c4 Rbd7 48. cxd5 Rxd5 49. Rc2 Ke7 50. Kg2 Kf6 51. Rf2 Rc7 52. Kg3 Rd3
53. Rce2 Rb7 54. Kg4 Rbb3 55. Rd2 c4 56. Rfe2 Rb8 57. Rc2 Rc8 58. Rc1 Rc7 59.
Rec2 Rxe3 60. Rxc4 Rxc4 61. Rxc4 h5+ 62. Kxh5 Kxf5 63. Rc7 Rg3 64. Rxg7 e3 65.
Rf7+ Ke4 66. Rf1 e2 67. Re1 Ke3 68. Kh6 Kd2 69. Rh1 e1=Q 70. Rxe1 Kxe1 71. Kh7
Kf2 72. h5 e4 73. h6 e3 74. g7 e2 75. g8=Q Rxg8 76. Kxg8 e1=Q 77. h7 Qe6+ 78.
Kg7 Qe5+ 79. Kg8 Qg5+ 80. Kf7 Qh6 81. Kg8 Qg6+ 82. Kh8 Kf3 0-1

[Event "Moscow-Open 2021_B"]
[Site "Moscow"]
[Date "2021.02.22"]
[Round "3.33"]
[White "Zavivaeva, Emilia"]
[Black "Tsamalaidze, Liana"]
[Result "0-1"]
[WhiteElo "1826"]
[BlackElo "1446"]
[PlyCount "76"]
[EventDate "2021.02.20"]

1. e4 c5 2. Nf3 e6 3. d4 cxd4 4. Nxd4 Nf6 5. Nc3 Nc6 6. Ndb5 Bc5 7. Bf4 O-O 8.
Be2 a6 9. Bc7 Qe7 10. Nd6 Ne8 11. Nxe8 Rxe8 12. e5 Qh4 13. g3 Qb4 14. Qd2 Bd4
15. O-O-O Bxe5 16. Bxe5 Nxe5 17. a3 Qe7 18. f4 Nc6 19. Bf3 d5 20. Rhe1 Qf8 21.
Qe2 Bd7 22. Na4 Na5 23. Nb6 Bb5 24. Qf2 Rad8 25. a4 Bd7 26. Kb1 Bc6 27. f5 d4
28. Bxc6 Nxc6 29. Nc4 e5 30. f6 b5 31. Qg2 bxc4 32. Qxc6 c3 33. Ka2 Re6 34. Qc4
Rc8 35. fxg7 Qe8 36. Qd5 Qxa4+ 37. Kb1 cxb2 38. Kxb2 Rxc2+ 0-1

[Event "Moscow-Open 2021_B"]
[Site "Moscow"]
[Date "2021.02.22"]
[Round "3.34"]
[White "Novikova, Daria"]
[Black "Tumashevich, Elizaveta"]
[Result "1-0"]
[WhiteElo "1430"]
[BlackElo "1732"]
[PlyCount "53"]
[EventDate "2021.02.20"]

1. e4 c5 2. Nf3 a6 3. d4 cxd4 4. Nxd4 Nf6 5. Nc3 d6 6. f3 e5 7. Nb3 Be6 8. Bg5
Be7 9. Bxf6 gxf6 10. Nd5 f5 11. Nxe7 Qxe7 12. Qd3 fxe4 13. fxe4 Nc6 14. O-O-O
O-O-O 15. Qc3 Kb8 16. Bxa6 d5 17. Bb5 Qg5+ 18. Kb1 Nd4 19. Nxd4 exd4 20. Qb4
Rc8 21. Ba6 Rc7 22. Qxd4 Rhc8 23. Bd3 Qxg2 24. exd5 Bxd5 25. Rhg1 Qf3 26. Rdf1
Qh5 27. Rf5 1-0

[Event "Moscow-Open 2021_B"]
[Site "Moscow"]
[Date "2021.02.22"]
[Round "3.35"]
[White "Khamnueva, Mariya"]
[Black "Petrova, Elizaveta"]
[Result "0-1"]
[WhiteElo "1426"]
[BlackElo "1713"]
[PlyCount "124"]
[EventDate "2021.02.20"]

1. e4 c5 2. Nf3 e6 3. d4 cxd4 4. Nxd4 Bc5 5. Nc3 Nc6 6. Nb3 Be7 7. Be3 Nf6 8.
f3 a6 9. Qd2 b5 10. O-O-O d6 11. g4 Bb7 12. g5 Nd7 13. f4 Na5 14. Bd3 Nxb3+ 15.
cxb3 Nc5 16. Bc2 Rc8 17. Kb1 b4 18. Ne2 a5 19. Rhf1 e5 20. fxe5 dxe5 21. Qxd8+
Bxd8 22. Ng3 g6 23. Rf2 Be7 24. Rfd2 Bc6 25. h4 O-O 26. a3 Nb7 27. Ka2 Rfd8 28.
Ne2 Rxd2 29. Rxd2 Nc5 30. Ng3 Kf8 31. Rd1 Ke8 32. Bd2 Ne6 33. Ne2 Bb5 34. axb4
Bxe2 35. Rc1 Nd4 36. Bb1 Rxc1 37. Bxc1 axb4 38. Bd2 Bd1 39. Bd3 Bxb3+ 40. Kb1
Kd7 41. Be1 Ba4 42. Kc1 Bb5 43. Bxb5+ Nxb5 44. Kd2 Bc5 45. Kd3 Nd6 46. b3 Ke6
47. Bg3 f5 48. gxf6 Kxf6 49. Be1 h6 50. Bd2 g5 51. hxg5+ hxg5 52. Be1 g4 53.
Bg3 Bd4 54. Be1 Bc3 55. Bf2 Kg5 56. Bg3 Kf6 57. Be1 Kg6 58. Bh4 Kh5 59. Bf2 Nb5
60. Bg3 Na3 61. Bf2 Kg5 62. Bg3 Nb1 0-1

[Event "Moscow-Open 2021_B"]
[Site "Moscow"]
[Date "2021.02.22"]
[Round "3.36"]
[White "Khachatryan, Nadezhda"]
[Black "Gurgenidze, Aleksandra"]
[Result "1-0"]
[WhiteElo "1665"]
[BlackElo "1399"]
[PlyCount "83"]
[EventDate "2021.02.20"]

1. Nf3 c5 2. c4 Nc6 3. Nc3 e5 4. e3 Nf6 5. d4 e4 6. d5 exf3 7. dxc6 dxc6 8.
Qxd8+ Kxd8 9. gxf3 b6 10. e4 Bd6 11. Bg5 Be5 12. O-O-O+ Kc7 13. Ne2 Be6 14. Ng3
Bd4 15. Bf4+ Kb7 16. Be3 Rad8 17. Bd3 Rd7 18. Kc2 Rhd8 19. b3 a6 20. Rhg1 b5
21. Bxd4 Rxd4 22. Ne2 R4d7 23. Rxg7 bxc4 24. bxc4 Bxc4 25. Bxc4 Rxd1 26. Rxf7+
R8d7 27. Rxf6 Rf1 28. e5 Rxf2 29. e6 Re7 30. Kd3 Rg2 31. Ng3 Kc7 32. Nf5 Re8
33. Rf7+ Kd8 34. Rd7+ Kc8 35. Nd6+ Kb8 36. Nxe8 Rg8 37. Nd6 Rf8 38. e7 Rh8 39.
Rd8+ Rxd8 40. exd8=Q+ Ka7 41. Qc7+ Ka8 42. Qb7# 1-0

[Event "Moscow-Open 2021_B"]
[Site "Moscow"]
[Date "2021.02.22"]
[Round "3.37"]
[White "Ponomareva, Varvara"]
[Black "Efimova, Darya"]
[Result "1-0"]
[WhiteElo "1663"]
[BlackElo "1364"]
[PlyCount "139"]
[EventDate "2021.02.20"]

1. d4 d5 2. c4 e5 3. dxe5 d4 4. a3 Nc6 5. e3 Bf5 6. Nf3 Bg4 7. Qa4 Bxf3 8. gxf3
Qd7 9. f4 dxe3 10. fxe3 Nxe5 11. Qxd7+ Nxd7 12. Bg2 Nc5 13. Bd2 O-O-O 14. b4
Nb3 15. Ra2 Nxd2 16. Nxd2 f5 17. Nf3 Nf6 18. Ne5 Re8 19. c5 Ne4 20. Rc2 Nf6 21.
Bf3 g6 22. O-O Rg8 23. c6 b6 24. Be2 Bd6 25. Ba6+ Kd8 26. Nf7+ Ke7 27. Bc4 Rgf8
28. Ng5 h6 29. Ne6 Rh8 30. Rg2 Ne4 31. h4 Kf6 32. Nd4 Re7 33. Rc1 Rd8 34. Nb5
Ra8 35. Nc3 Nxc3 36. Rxc3 Rae8 37. Kf2 Ra8 38. Ba6 Re4 39. Rg3 Rd8 40. Rc1 Rde8
41. Rcg1 Rg8 42. Be2 Re7 43. R3g2 Reg7 44. Bc4 Rh8 45. Ke2 h5 46. Rg5 Rd8 47.
Bd3 Rdg8 48. Kf3 Be7 49. e4 fxe4+ 50. Bxe4 Ke6 51. f5+ gxf5 52. Rxg7 fxe4+ 53.
Kxe4 Re8 54. R1g6+ Bf6 55. Rd7 Rf8 56. b5 Rc8 57. a4 Re8 58. Kf4 Rc8 59. Rh7
Rf8 60. Rd7 Rc8 61. Rd1 Rf8 62. Rh6 Rf7 63. Rd7 Rf8 64. Rxc7 Kd6 65. Rd7+ Ke6
66. Rg6 Re8 67. Ke4 Rh8 68. Rdg7 Re8 69. Rh7 Kd6+ 70. Kf5 1-0

[Event "Moscow-Open 2021_B"]
[Site "Moscow"]
[Date "2021.02.23"]
[Round "4.7"]
[White "Nosacheva, Mariya"]
[Black "Afanasieva, Alexandra"]
[Result "1/2-1/2"]
[WhiteElo "2222"]
[BlackElo "1997"]
[PlyCount "86"]
[EventDate "2021.02.20"]

1. e4 c5 2. Nf3 d6 3. d4 cxd4 4. Nxd4 Nf6 5. Nc3 a6 6. Be3 e5 7. Nb3 Be6 8. Qd2
Be7 9. O-O-O O-O 10. f4 b5 11. f5 Bd7 12. g4 b4 13. Nd5 Nxd5 14. exd5 a5 15.
Kb1 Na6 16. h4 a4 17. Nc1 Qc7 18. Bd3 Nc5 19. Bxc5 Qxc5 20. Ne2 Rfc8 21. f6
Bxf6 22. g5 Be7 23. Ng3 a3 24. Ne4 Qd4 25. c3 bxc3 26. bxc3 Qb6+ 27. Ka1 Qb2+
28. Qxb2 axb2+ 29. Kxb2 Rab8+ 30. Kc1 f5 31. gxf6 gxf6 32. c4 f5 33. Rdg1+ Kh8
34. Nc3 e4 35. Be2 Bf6 36. Kc2 Rg8 37. h5 Bd4 38. Rxg8+ Rxg8 39. Rb1 h6 40. Rb7
Rg7 41. Rb8+ Rg8 42. Rb7 Rg7 43. Rb8+ Rg8 1/2-1/2

[Event "Moscow-Open 2021_B"]
[Site "Moscow"]
[Date "2021.02.23"]
[Round "4.8"]
[White "Danilova, Rada"]
[Black "Nur-Mukhametova, Alisa"]
[Result "0-1"]
[WhiteElo "2048"]
[BlackElo "2212"]
[PlyCount "112"]
[EventDate "2021.02.20"]

1. d4 Nf6 2. Nf3 g6 3. Bg5 Bg7 4. c3 d5 5. Nbd2 O-O 6. e3 b6 7. Be2 c5 8. O-O
Nbd7 9. b4 h6 10. Bh4 g5 11. Bg3 Nh5 12. Rc1 Nxg3 13. hxg3 Bb7 14. Bd3 c4 15.
Bb1 f5 16. g4 e6 17. gxf5 exf5 18. g3 Bc6 19. Kg2 a5 20. a3 axb4 21. axb4 Nb8
22. Rh1 Na6 23. Kg1 Qe8 24. Qf1 Bd7 25. Qg2 Nc7 26. Nf1 Ra3 27. N3d2 Be6 28. g4
f4 29. e4 Qd7 30. exd5 Bxd5 31. Be4 Bxe4 32. Nxe4 f3 33. Qh3 Rf4 34. Nfg3 Qxg4
35. Qxg4 Rxg4 36. Kf1 Rf4 37. Ke1 Ra2 38. Nd6 b5 39. Ndf5 Nd5 40. Nxg7 Kxg7 41.
Nh5+ Kg6 42. Nxf4+ Nxf4 43. Kf1 Nd3 44. Rb1 Rxf2+ 45. Kg1 Ra2 46. Rh2 f2+ 47.
Kf1 g4 48. d5 h5 49. d6 Ra6 50. d7 Rd6 51. Rd1 g3 52. Rh3 g2+ 53. Kxg2 Nf4+ 54.
Kf3 Rxd1 55. Rg3+ Kf6 56. Kxf2 Rxd7 0-1

[Event "Moscow-Open 2021_B"]
[Site "Moscow"]
[Date "2021.02.23"]
[Round "4.9"]
[White "Kurmangaliyeva, Liya"]
[Black "Shukhman, Anna"]
[Result "1-0"]
[WhiteElo "2186"]
[BlackElo "1986"]
[PlyCount "107"]
[EventDate "2021.02.20"]

1. e4 c5 2. Nf3 d6 3. d4 cxd4 4. Qxd4 Nc6 5. Bb5 Bd7 6. Qd3 g6 7. O-O Bg7 8. c4
Nf6 9. Nc3 O-O 10. Bxc6 bxc6 11. Rb1 a5 12. b3 Bc8 13. Rd1 Qc7 14. Bb2 Nd7 15.
Na4 Bxb2 16. Rxb2 Nf6 17. h3 Bb7 18. Qe3 Rad8 19. Rbd2 Bc8 20. e5 dxe5 21. Qxe5
Qxe5 22. Nxe5 Rxd2 23. Rxd2 Re8 24. Nc5 Kg7 25. Nxc6 Bxh3 26. Nxa5 Bf5 27. b4
e5 28. b5 e4 29. b6 e3 30. fxe3 Rxe3 31. b7 Re1+ 32. Kf2 Rb1 33. Nab3 Ng4+ 34.
Ke2 Rg1 35. b8=Q Rxg2+ 36. Kf3 Rg1 37. Rg2 Rf1+ 38. Ke2 Rb1 39. Rxg4 Bxg4+ 40.
Kd2 h5 41. Qe5+ Kh7 42. Ne4 Bf5 43. Ng5+ Kg8 44. Qe8+ Kg7 45. Qxf7+ Kh6 46. Nf3
Rb2+ 47. Kc3 Rg2 48. Nbd4 Bb1 49. Ne6 h4 50. Qf8+ Kh5 51. Nf4+ Kg4 52. Nxg2 h3
53. Qf4+ Kh5 54. Qh4# 1-0

[Event "Moscow-Open 2021_B"]
[Site "Moscow"]
[Date "2021.02.23"]
[Round "4.10"]
[White "Zeliantsova, Kseniya"]
[Black "Ilyina, Lada"]
[Result "1/2-1/2"]
[WhiteElo "2166"]
[BlackElo "1959"]
[PlyCount "80"]
[EventDate "2021.02.20"]

1. e4 c6 2. d4 d5 3. Nd2 dxe4 4. Nxe4 Nf6 5. Nxf6+ exf6 6. c3 Bd6 7. Bd3 O-O 8.
Ne2 Re8 9. Qc2 h5 10. Be3 Nd7 11. O-O-O Nf8 12. Kb1 Be6 13. h3 Bd5 14. Rdg1 b5
15. Qd2 Ng6 16. Ng3 Qa5 17. b3 h4 18. Nf5 Qc7 19. f3 a5 20. Bf2 Bf4 21. Qc2 a4
22. b4 Bg3 23. Bxg3 hxg3 24. Re1 Ne7 25. Qd2 Nxf5 26. Bxf5 g6 27. Bc2 Kg7 28.
h4 Rxe1+ 29. Qxe1 Rh8 30. Qe3 Qd6 31. Kb2 Qe6 32. Qxe6 fxe6 33. Rh3 f5 34. f4
Kf6 35. Bd1 Bxg2 36. Rxg3 Bf1 37. Rg1 Bc4 38. Rh1 Bd5 39. Rh2 Bc4 40. Bf3 Bd5
1/2-1/2